书目信息 |
| 题名: |
畅游英国
|
|
| 作者: | 刘勇 主编 ;佰程旅行网《畅游英国》编委会 编著 | |
| 分册: | ||
| 出版信息: | 北京 中国轻工业出版社 2011.9 |
|
| 页数: | 384页 | |
| 开本: | 22cm | |
| 丛书名: | 畅游世界系列 | |
| 单 册: | ||
| 中图分类: | K956.19 | |
| 科图分类: | ||
| 主题词: | 导游--英国 , 导游 | |
| 电子资源: | ||
| ISBN: | 978-7-5019-8319-3 | |
| 000 | 01041oam2 2200301 45 | |
| 001 | 1355707327 | |
| 005 | 20130515151052.01 | |
| 010 | @a978-7-5019-8319-3@dCNY48.00 | |
| 100 | @a20130108d2011 em y0chiy50 ea | |
| 101 | 0 | @achi |
| 102 | @aCN@b110000 | |
| 105 | @aabk z 000yy | |
| 106 | @ar | |
| 200 | 1 | @a畅游英国@AChang You Ying Guo@f刘勇主编@FLiu Yong Zhu Bian@g佰程旅行网《畅游英国》编委会编著 |
| 210 | @a北京@c中国轻工业出版社@d2011.9 | |
| 215 | @a384页@c图,地图@d22cm | |
| 225 | 2 | @a畅游世界系列 |
| 225 | 2 | @a悠生活旅游大玩家 |
| 330 | @a本书分为概况篇、行前准备篇、机场篇、交通篇、游览篇、住宿篇、美食篇、购物篇、娱乐篇、英国旅游锦囊、英国经典旅游线路。 | |
| 461 | 0 | @12001 @a畅游世界系列 |
| 461 | 0 | @12001 @a悠生活旅游大玩家 |
| 606 | 0 | @a导游@y英国 |
| 606 | 0 | @a导游 |
| 690 | @aK956.19@v5 | |
| 701 | 0 | @a刘勇@ALiu Yong@4主编 |
| 712 | 02 | @a佰程旅行网《畅游英国》编委会@ABai Cheng Lu^ Xing Wang《 Chang You Ying Guo》 Bian Wei Hui@4编著 |
| 801 | @aCN@bTANGWEI@c20130112 | |
| 905 | @b0831820-24@dK956.19@e212@f5 | |
| 畅游英国/刘勇主编/佰程旅行网《畅游英国》编委会编著.-北京:中国轻工业出版社,2011.9 |
| 384页:图,地图;22cm.-(畅游世界系列).-(悠生活旅游大玩家) |
| ISBN 978-7-5019-8319-3:CNY48.00 |
| 本书分为概况篇、行前准备篇、机场篇、交通篇、游览篇、住宿篇、美食篇、购物篇、娱乐篇、英国旅游锦囊、英国经典旅游线路。 |
| ● |
| 相关链接 |
|
|
|
|
正题名:畅游英国
索取号:K956.19/212
 
预约/预借
| 序号 | 登录号 | 条形码 | 馆藏地/架位号 | 状态 | 备注 |
| 1 | 0831820 | 208318202 | 第二样本阅览室/ [索取号:K956.19/212] | 在馆 | |
| 2 | 0831821 | 208318211 | 第二借阅区/ [索取号:K956.19/212] | 在馆 | |
| 3 | 0831822 | 208318220 | 密集书库-资源管理系/ [索取号:K956.19/212] | 在馆 | |
| 4 | 0831823 | 208318239 | 第二借阅区/ [索取号:K956.19/212] | 在馆 | |
| 5 | 0831824 | 208318248 | 第二借阅区/ [索取号:K956.19/212] | 在馆 |